La dolarización en Ecuador : (Registro nro. 8264)
[ vista simple ]
| 000 -LEADER | |
|---|---|
| fixed length control field | 01358nam a2200241Ia 4500 |
| 003 - CONTROL NUMBER IDENTIFIER | |
| control field | OSt |
| 005 - DATE AND TIME OF LATEST TRANSACTION | |
| control field | 20210803122721.0 |
| 008 - FIXED-LENGTH DATA ELEMENTS--GENERAL INFORMATION | |
| fixed length control field | 210310s2001 pe ad fr 000 0 spa d |
| 020 ## - INTERNATIONAL STANDARD BOOK NUMBER | |
| International Standard Book Number | 9972787036 |
| 040 ## - CATALOGING SOURCE | |
| Original cataloging agency | CO-JMCR |
| Transcribing agency | CO-JMCR |
| 041 0# - LANGUAGE CODE | |
| Language code of text/sound track or separate title | spa |
| 082 04 - DEWEY DECIMAL CLASSIFICATION NUMBER | |
| Classification number | 332.42 |
| Item number | S446d |
| Edition number | 23 |
| 110 2# - MAIN ENTRY--CORPORATE NAME | |
| Corporate name or jurisdiction name as entry element | Secretaria General de la Comunidad Andina |
| 9 (RLIN) | 39016 |
| 245 13 - TITLE STATEMENT | |
| Title | La dolarización en Ecuador : |
| Remainder of title | efectos sobre el comercio andino / |
| Statement of responsibility, etc. | Secretaria General de la Comunidad Andina, compilador |
| 250 ## - EDITION STATEMENT | |
| Edition statement | Primera edición |
| 260 ## - PUBLICATION, DISTRIBUTION, ETC. | |
| Place of publication, distribution, etc. | Lima : |
| Name of publisher, distributor, etc. | Comunidad Andina, |
| Date of publication, distribution, etc. | 2001 |
| 300 ## - PHYSICAL DESCRIPTION | |
| Extent | 99 páginas : |
| Other physical details | ilustraciones y gráficas a blanco y negro ; |
| Dimensions | 21 cm. |
| 500 ## - GENERAL NOTE | |
| General note | Incluye notas a pie de página. |
| 505 0# - FORMATTED CONTENTS NOTE | |
| Title | Regímenes cambiarios y evolución del comercio en los países andinos / |
| Statement of responsibility | Jorge Vega Castro |
| Title | Integración andina y dolarización: Algunas reflexiones sobre el caso de Ecuador / |
| Statement of responsibility | José Luis Icaza |
| Title | Los procesos de dolarización de América Latina / |
| Statement of responsibility | Liliana Rojas-Suárez |
| Title | El sistema monetario panameño y sus efectos financieros y comerciales / |
| Statement of responsibility | Fernando Aramburú Porras |
| Title | Una posición crítica sobre la dolarización del Ecuador / |
| Statement of responsibility | Jorge Schuldt |
| Title | La dolarización en Ecuador y el papel del FLAR / |
| Statement of responsibility | Roberto Guarnieri |
| 650 14 - SUBJECT ADDED ENTRY--TOPICAL TERM | |
| Topical term or geographic name entry element | Crisis económica |
| Geographic subdivision | Ecuador |
| 9 (RLIN) | 39017 |
| 650 24 - SUBJECT ADDED ENTRY--TOPICAL TERM | |
| Topical term or geographic name entry element | Cuestión monetaria |
| Chronological subdivision | 2000 |
| Geographic subdivision | Ecuador |
| 9 (RLIN) | 39018 |
| 942 ## - ADDED ENTRY ELEMENTS (KOHA) | |
| Source of classification or shelving scheme | Dewey Decimal Classification |
| Koha item type | Books |
| Withdrawn status | Lost status | Source of classification or shelving scheme | Damaged status | Not for loan | Collection code | Home library | Current library | Date acquired | Source of acquisition | Full call number | Barcode | Date last seen | Copy number | Koha item type |
|---|---|---|---|---|---|---|---|---|---|---|---|---|---|---|
| Dewey Decimal Classification | Non-fiction | Biblioteca Pública José María del Castillo y Rada | Biblioteca Pública José María del Castillo y Rada | 04/15/2018 | Donación | 332.42 S446d | 430002812 | 05/16/2024 | Ej.1 | Books |